7-Letter Cities by US States - Statistics

General Stats
  • This quiz has been taken 925 times
  • The average score is 29 of 50
Answer Stats
Hint Answer % Correct
Atlanta Georgia
97%
Orlando Florida
96%
Chicago Illinois
96%
Phoenix Arizona
95%
Detroit Michigan
95%
Houston Texas
94%
Memphis Tennessee
93%
Santa Fe New Mexico
92%
Raleigh North Carolina
92%
Boulder Colorado
90%
Lincoln Nebraska
90%
Wichita Kansas
88%
Jackson Mississippi
88%
Madison Wisconsin
88%
Spokane Washington
85%
Concord New Hampshire
80%
Roanoke Virginia
77%
Hoboken New Jersey
73%
Bozeman Montana
70%
Laramie Wyoming
68%
Dubuque Iowa
67%
Branson Missouri
67%
Potomac Maryland
66%
Newport Rhode Island
62%
Danbury Connecticut
59%
Lahaina Hawaii
54%
Altoona Pennsylvania
52%
Barstow California
51%
Sturgis South Dakota
51%
Wasilla Alaska
50%
Hyannis Massachusetts
48%
Montauk New York
46%
Caribou Maine
42%
Oberlin Ohio
42%
Rutland Vermont
34%
Beckley West Virginia
32%
Ashland Kentucky
31%
Redmond Oregon
28%
Opelika Alabama
27%
Fishers Indiana
26%
Hibbing Minnesota
25%
Tonopah Nevada
24%
Guthrie Oklahoma
22%
Ephraim Utah
22%
Hammond Louisiana
20%
Payette Idaho
18%
Osceola Arkansas
16%
Glasgow Delaware
16%
Mauldin South Carolina
15%
Grafton North Dakota
14%
No matching quizzes found
Score Distribution
Percent of People with Each Score
Percentile by Number Answered
Your Score History
You have not taken this quiz